| 000 | 004830000a22001810004500 | ||
|---|---|---|---|
| 003 | MACL | ||
| 005 | 20150728163832.0 | ||
| 008 | 150728b xxu||||| |||| 00| 0 eng d | ||
| 040 |
_aMACL _cMACL |
||
| 041 | _aEnglish | ||
| 082 | _a332/BAN | ||
| 100 |
_aBanerji, Arun _92954 |
||
| 245 |
_aFinances In The Early Raj _bInvestments And The External Sector |
||
| 260 |
_bSage Publication _c1995 _aNew Delhi |
||
| 350 | _a375 | ||
| 650 |
_aFinancial Economics _92955 |
||
| 942 |
_cBK _k332 _2ddc |
||
| 999 |
_c2708 _d2708 |
||